000 00453nam a22001457a 4500
003 OSt
008 260622b |||||||| |||| 00| 0 eng d
020 _a9789388892377
082 _a658.11
_bS53Y
245 _aYes, You can Launch Your Own Enterprise: Beginners' Guide / by J.P. Sharma...[et al.]
260 _aNew Delhi:
_bInternational Books & Periodicals Supply Service,
_c2020.
300 _axii, 210 p.
700 _aSharma, J.P.
942 _2ddc
_cBK
999 _c52199
_d52199